Statistics for Countries Whose First Letter Is Same That Of Its Capital

Click here to take the quiz!

General Stats

  • This quiz has been taken 31 times
  • The average score is 17 of 30

Answer Stats

Answer% Correct
Guatemala and Guatemala City
89%
Brazil and Brasilia
84%
Kuwait and Kuwait City
79%
Panama and Panama
79%
Algeria and Algiers
74%
Monaco and Monaco
74%
Andorra and Andorra La Vella
68%
Belize and Belmopan
68%
Luxembourg and Luxembourg
68%
Mexico and Mexico City
68%
South Korea and Seoul
68%
Tunisia and Tunis
68%
Sao Tome and Principe and Sao Tome
63%
Sweden and Stockholm
63%
Vatican City and Vatican City
63%
Maldives and Male
53%
Niger and Niamey
53%
Singapore and Singapore
53%
Taiwan and Taipei
53%
Djibouti and Djibouti
47%
Sri Lanka and Sri Jayawardenepura Kotte
47%
Belgiumand Brussels
42%
Brunei and Bandar Seri Begawan
42%
Burundi and Bujumbura
37%
Marshall Islands and Majura
37%
Papua New Guinea and Port Moresby
37%
Barbados and Bridgetown
32%
Mozambique and Maputo
32%
Guyana and Georgetown
26%
Gibraltar and Gibraltar
0%

Score Distribution

Percentile by Number Answered

Percent of People with Each Score

Your Score History

You have not taken this quiz